[Event "Challenge"]
[Site "http://www.queenalice.com/game.php?id=1319206"]
[Date "2014.10.30"]
[Round "-"]
[White "Karjaking"]
[Black "Moloch"]
[Result "0-1"]
[WhiteElo "1865"]
[BlackElo "2174"]

1. g3 d5 2. Bg2 e6 3. d3 g6 4. Nd2 Bg7 5. c3 Ne7 6. Ngf3 O-O 7. O-O c5 8. e4
dxe4 9. dxe4 b5 10. Re1 Bb7 11. Qc2 Nbc6 12. h4 Ne5 13. Nxe5 Bxe5 14. Nf3 Bg7
15. Bf4 Nc6 16. Rad1 Qb6 17. e5 Rad8 18. h5 Ne7 19. h6 Bh8 20. Ng5 Bxg2 21. Kxg2
Nd5 22. Bc1 Qc6 23. f3 Qc7 24. Qd2 Bxe5 25. Qf2 Nf6 26. f4 Bd6 27. a3 Qc6+ 28.
Nf3 Ng4 29. Qe2 Nxh6 30. Rh1 Ng4 31. Rh4 f5 32. Qxe6+ Kg7 33. c4 Rfe8 34. Rxh7+
Kxh7 35. Rh1+ Kg7 0-1

[Event "Challenge"]
[Site "http://www.queenalice.com/game.php?id=1328606"]
[Date "2014.12.17"]
[Round "-"]
[White "Moloch"]
[Black "rpalmero"]
[Result "1-0"]
[WhiteElo "2177"]
[BlackElo "1942"]

1. Nf3 c5 2. g3 e6 3. Bg2 Nc6 4. O-O Nf6 5. d3 d5 6. b3 Bd6 7. Bb2 b5 8. Nbd2
Bb7 9. e4 dxe4 10. dxe4 Qc7 11. Re1 e5 12. c4 b4 13. a3 a5 14. Nh4 Nd4 15. Nhf3
O-O 16. Qb1 Bc6 17. Qd3 Rfd8 18. Nxd4 exd4 19. f4 Ng4 20. Nf1 Re8 21. h3 Nh6 22.
Nd2 f6 23. Rf1 Nf7 24. a4 Qb7 25. Rae1 Re7 26. Rf2 Rae8 27. Rfe2 Kf8 28. Bc1 Bb8
29. Nf1 Re6 30. h4 Nh6 31. Nh2 g6 32. f5 gxf5 33. Bxh6+ Kf7 34. exf5 Rxe2 35.
Rxe2 Bxg2 36. Rxg2 Re1+ 37. Nf1 Qe7 38. Qf3 1-0

[Event "Challenge"]
[Site "http://www.queenalice.com/game.php?id=1336791"]
[Date "2015.1.24"]
[Round "-"]
[White "Moloch"]
[Black "tariann"]
[Result "1/2-1/2"]
[WhiteElo "2176"]
[BlackElo "2134"]

1. Nf3 d5 2. g3 c5 3. Bg2 Nc6 4. O-O e5 5. d3 Nf6 6. b3 Be7 7. Bb2 Qc7 8. Nbd2
O-O 9. e4 dxe4 10. Nxe4 Nxe4 11. dxe4 Bg4 12. h3 Rfd8 13. Qe1 Bxf3 14. Bxf3 Nd4
15. Bxd4 cxd4 16. Qd2 Rac8 17. Rac1 Ba3 18. Rcd1 Qxc2 19. Bg4 Qxd2 20. Rxd2 Rc3
21. Kg2 g6 22. h4 h5 23. Bh3 d3 24. Kf3 Rc2 25. Rfd1 Rxd2 26. Rxd2 Bb4 27. Rd1
d2 28. Bf1 Rc8 29. Bd3 Rc6 30. Ke2 Kg7 31. a3 Bxa3 32. Kxd2 Bc5 33. Ke2 Bd4 34.
b4 Rc3 35. b5 Ra3 36. Rc1 a5 37. Rc7 Ra2+ 38. Rc2 Rxc2+ 39. Bxc2 f6 40. Bb3 b6
41. Be6 Kf8 42. f3 Ke7 43. Bg8 a4 44. g4 a3 45. Kd3 Kd6 46. Kc2 Bf2 47. Kb3 a2
48. Kxa2 Kc5 49. gxh5 gxh5 50. Kb3 Kxb5 51. Bf7 Bxh4 52. Bxh5 Kc5 1/2-1/2

[Event "Challenge"]
[Site "http://www.queenalice.com/game.php?id=1338582"]
[Date "2015.2.1"]
[Round "-"]
[White "Moloch"]
[Black "Aspayne"]
[Result "0-1"]
[WhiteElo "2206"]
[BlackElo "2066"]

1. Nf3 e6 2. g3 b6 3. Bg2 Bb7 4. O-O Nf6 5. d3 c5 6. e4 d6 7. b3 Be7 8. Bb2 O-O
9. Nbd2 Nbd7 10. Qe2 Rc8 11. c4 d5 12. e5 Ne8 13. Rfe1 Nc7 14. a4 f6 15. a5 fxe5
16. Nxe5 Bf6 17. axb6 axb6 18. Ra7 Ba8 19. Nf1 d4 20. Nxd7 Qxd7 21. Bh3 Qc6 22.
Bxe6+ Kh8 23. Qe4 Nxe6 24. Rxa8 Qxa8 25. Qxa8 Rxa8 26. Rxe6 Ra2 27. Bc1 Bd8 28.
f4 Rc2 29. Bd2 Rb2 30. Kf2 Rxb3 31. Ke2 b5 32. Rc6 Re8+ 33. Kd1 bxc4 34. Kc2 Ra3
35. Rxc5 c3 36. Bc1 Ra1 37. Kd1 h6 38. Rc8 Rf8 39. Kc2 Be7 40. Rxf8+ Bxf8 41. h4
Ra2+ 42. Kd1 Bb4 43. g4 Rg2 0-1

[Event "Challenge"]
[Site "http://www.queenalice.com/game.php?id=1340008"]
[Date "2015.2.7"]
[Round "-"]
[White "Moloch"]
[Black "kookaburra"]
[Result "0-1"]
[WhiteElo "2175"]
[BlackElo "2201"]

1. Nf3 Nf6 2. g3 c5 3. d3 Nc6 4. Bg2 d5 5. O-O e5 6. b3 Bd6 7. Bb2 O-O 8. Nbd2
Re8 9. e4 Bg4 10. c3 Qd7 11. Qc2 Bh3 12. Rfe1 Rad8 13. a4 Qg4 14. a5 Bc7 15. a6
b6 16. Ra4 b5 17. Ra2 d4 18. Rea1 Rd7 19. Nb1 Red8 20. Ne1 Bb6 21. Kh1 c4 22.
bxc4 bxc4 23. Bf3 Qe6 24. Na3 cxd3 25. Qxd3 dxc3 26. Qxc3 Ba5 27. Qc4 Nd4 28.
Bxd4 Rxd4 29. Qxe6 Bxe6 30. Rb2 Bb6 31. Nb5 Rd2 32. Rxd2 Rxd2 33. Rc1 h6 34. Rc2
Rxc2 35. Nxc2 Bc4 36. Nca3 Bd3 37. Kg2 Nxe4 38. Bxe4 Bxe4+ 39. f3 Bd3 40. h4 Kf8
41. Kh3 Ke7 42. Kg4 Kd7 43. Kh5 Bc5 0-1

[Event "Challenge"]
[Site "http://www.queenalice.com/game.php?id=1351267"]
[Date "2015.4.2"]
[Round "-"]
[White "Moloch"]
[Black "Greeley"]
[Result "0-1"]
[WhiteElo "2190"]
[BlackElo "2131"]

1. Nf3 f5 2. g3 Nf6 3. Bg2 e6 4. O-O Be7 5. d4 O-O 6. c4 d6 7. Nc3 Ne4 8. Nxe4
fxe4 9. Ne1 d5 10. Qb3 Kh8 11. Bf4 Nc6 12. e3 Na5 13. Qc3 Nxc4 14. b3 Nd6 15.
Rc1 Nb5 16. Bxc7 Nxc3 17. Bxd8 Ne2+ 18. Kh1 Nxc1 19. Bxe7 Rf7 20. Ba3 Nxa2 21.
Nc2 Nc3 22. Re1 Rxf2 23. Nb4 a5 0-1

[Event "Challenge"]
[Site "http://www.queenalice.com/game.php?id=1352100"]
[Date "2015.4.6"]
[Round "-"]
[White "jorm"]
[Black "Moloch"]
[Result "1-0"]
[WhiteElo "1915"]
[BlackElo "2159"]

1. e4 e6 2. Nf3 d5 3. exd5 exd5 4. d4 g6 5. a3 Bg7 6. h3 Nc6 7. c3 Nge7 8. Nbd2
O-O 9. Bd3 Re8 10. O-O Nf5 11. Nb3 b6 12. Bb5 Bd7 13. Bd3 Nh4 14. Nxh4 Qxh4 15.
Qf3 Be6 16. Bf4 Qe7 17. Rae1 Qd7 18. g4 a5 19. a4 h5 20. gxh5 Bxh3 21. Rxe8+
Rxe8 22. Rc1 Bg4 23. Qg3 Bxh5 24. Bxc7 Bf8 25. Kf1 Re6 26. Bf5 Bd6 27. Bxe6 Qxc7
28. Qh3 fxe6 29. Qxe6+ Kg7 30. Re1 Ne7 31. Nc1 Nf5 32. Nd3 Qc4 33. Qd7+ Kh6 34.
Qb5 Qxb5 35. axb5 g5 36. Re6+ Kg7 37. Re1 Be8 38. Rxe8 Kf7 39. Rc8 Ne7 40. Rh8
Kg6 41. Ra8 g4 42. Ne5+ Bxe5 43. dxe5 Kf5 44. Rb8 Kxe5 45. Rxb6 Nc8 46. Rb8 Nd6
47. b6 Ke6 48. b7 1-0

[Event "Challenge"]
[Site "http://www.queenalice.com/game.php?id=1359181"]
[Date "2015.5.12"]
[Round "-"]
[White "Moloch"]
[Black "leduar"]
[Result "0-1"]
[WhiteElo "2176"]
[BlackElo "2091"]

1. Nf3 d5 2. g3 f5 3. Bg2 Nf6 4. O-O e6 5. d3 Be7 6. b3 O-O 7. Bb2 Qe8 8. c4 Qh5
9. h3 c5 10. Nc3 d4 11. Nb5 Nc6 12. Qd2 e5 13. Nc7 Rb8 14. Ng5 Bd6 15. Nd5 f4
16. Nxf6+ gxf6 17. Ne4 Bc7 18. Nxc5 b6 19. Ne4 Bxh3 20. Ba3 Bxg2 21. Kxg2 Rf7
22. Rh1 Qg6 23. Nd6 Rg7 24. Rh3 Rd8 25. Nb5 Bb8 26. Rah1 a6 27. Rh6 Qf7 28. R1h5
axb5 29. cxb5 Na7 30. Rf5 Rg6 31. Rh3 Qg7 32. Qe1 Nxb5 33. Bb4 fxg3 34. fxg3 Rh6
35. Qh1 Rxh3 36. Qxh3 Kf7 37. Bd2 Nd6 38. Rh5 Rh8 39. Qd7+ Kg8 40. Qe6+ Qf7 41.
Qg4+ Kf8 42. Bb4 Ke7 43. Qh4 Kd7 0-1

[Event "Challenge"]
[Site "http://www.queenalice.com/game.php?id=1359603"]
[Date "2015.5.15"]
[Round "-"]
[White "Moloch"]
[Black "serrato987"]
[Result "0-1"]
[WhiteElo "2179"]
[BlackElo "2126"]

1. Nf3 c5 2. g3 Nf6 3. Bg2 Nc6 4. O-O e5 5. d3 d5 6. c4 Be6 7. cxd5 Nxd5 8. e4
Ndb4 9. Ne1 c4 10. Qf3 Nd4 11. Qd1 cxd3 12. Na3 Qd7 13. Nxd3 Nxd3 14. Qxd3 Rd8
15. Nc4 f6 16. Kh1 Qb5 17. b3 Bc5 18. Bf3 O-O 19. Bb2 Nxf3 20. Qxf3 Bxc4 21.
bxc4 Qxb2 22. Rfb1 Qxf2 23. Qxf2 Bxf2 24. Rxb7 Rf7 25. Rb2 Bd4 0-1

[Event "Challenge"]
[Site "http://www.queenalice.com/game.php?id=1359893"]
[Date "2015.5.16"]
[Round "-"]
[White "andrevillares"]
[Black "Moloch"]
[Result "0-1"]
[WhiteElo "2068"]
[BlackElo "2161"]

1. d4 e6 2. c4 Nf6 3. Nf3 d6 4. Nc3 Bd7 5. e4 h6 6. Be2 Be7 7. O-O O-O 8. h3 Nh7
9. Be3 Nc6 10. Qd2 a6 11. Rfd1 f5 12. exf5 exf5 13. Rac1 g5 14. g3 f4 15. gxf4
Bxh3 16. Nh2 Qe8 17. Bf1 Qg6 18. fxg5 Bxf1 19. Nxf1 Nxg5 20. Bxg5 Bxg5 21. Qc2
Rf5 22. Ng3 Raf8 23. Nxf5 Bxc1+ 24. Kf1 Rxf5 25. Qxc1 Qg3 26. Ne4 Qh3+ 27. Ke2
Qf3+ 28. Kf1 Qh1+ 29. Ke2 Qxe4+ 30. Kf1 Rg5 31. Qd2 Rg6 32. Re1 Qg2+ 33. Ke2
Re6+ 34. Kd1 Qg4+ 35. Kc1 Rxe1+ 36. Qxe1 Kf7 37. d5 Qxc4+ 38. Kb1 Qxd5 0-1

[Event "Challenge"]
[Site "http://www.queenalice.com/game.php?id=1360243"]
[Date "2015.5.18"]
[Round "-"]
[White "yeye2"]
[Black "Moloch"]
[Result "0-1"]
[WhiteElo "1849"]
[BlackElo "2156"]

1. e4 e6 2. e5 d6 3. Nf3 d5 4. d4 Ne7 5. c4 g6 6. c5 Bg7 7. Bg5 h6 8. Bxe7 Qxe7
9. Bd3 O-O 10. O-O Bd7 11. Nc3 c6 12. b4 a6 13. Na4 Ra7 14. Nb6 Be8 15. Nc8 Qc7
16. Nxa7 b5 17. Nxc6 Nxc6 18. Qb3 f5 19. Rfd1 g5 20. Bc2 Qe7 21. a4 g4 22. Ne1
h5 23. axb5 axb5 24. Ra3 Qh4 25. g3 Qh3 26. Ng2 Bh6 27. Rda1 Nxd4 28. Qd3 Nf3+
29. Kf1 Nxh2+ 30. Kg1 Nf3+ 31. Kf1 Qh1+ 32. Ke2 Qxg2 33. Qc3 Bc6 34. Ra6 Nd4+
35. Qxd4 Qf3+ 36. Ke1 f4 37. gxf4 Rxf4 38. Qxf4 Qxf4 39. Rxc6 Qd2+ 40. Kf1 Qxc2
41. Rxe6 Qc4+ 42. Kg1 Qf4 43. c6 g3 44. Rg6+ Kh7 45. Rf6 gxf2+ 46. Kf1 Qc4+ 47.
Kg2 Qg4+ 48. Kf1 Qg1+ 49. Ke2 Qxa1 50. c7 Qxe5+ 51. Kxf2 Qxf6+ 0-1

[Event "Challenge"]
[Site "http://www.queenalice.com/game.php?id=1361984"]
[Date "2015.5.27"]
[Round "-"]
[White "miltonloviski"]
[Black "Moloch"]
[Result "0-1"]
[WhiteElo "2056"]
[BlackElo "2170"]

1. e4 e6 2. Nf3 d5 3. exd5 exd5 4. d4 Nc6 5. Bb5 Bd7 6. O-O Nge7 7. Re1 a6 8.
Bd3 g6 9. Bf4 Bg7 10. c3 O-O 11. h3 Nf5 12. g4 Nh4 13. Nxh4 Qxh4 14. Kg2 Rac8
15. Qf3 Be6 16. Bg3 Qf6 17. Qxf6 Bxf6 18. Nd2 Rce8 19. f4 Bd8 20. Nb3 Be7 21. f5
gxf5 22. gxf5 Bd7 23. Bxc7 Kh8 24. Be5+ Nxe5 25. dxe5 Bh4 26. Re2 Rg8+ 27. Kh1
Rg3 28. Rd1 Rxh3+ 29. Kg2 Rg3+ 30. Kh2 Reg8 31. Nd4 R3g5 32. Rf1 Bf2 33. Re3
Bxe3 34. Rf3 Bg1+ 0-1

[Event "Challenge"]
[Site "http://www.queenalice.com/game.php?id=1361988"]
[Date "2015.5.27"]
[Round "-"]
[White "Moloch"]
[Black "jnable"]
[Result "1/2-1/2"]
[WhiteElo "2173"]
[BlackElo "2151"]

1. Nf3 d5 2. g3 c5 3. Bg2 Nc6 4. O-O e5 5. d3 Bd6 6. b3 f6 7. Bb2 Nge7 8. e4 Be6
9. Nbd2 O-O 10. Qe2 d4 11. c3 a6 12. Nc4 b5 13. Nxd6 Qxd6 14. cxd4 Nxd4 15. Nxd4
cxd4 16. Rac1 Rfc8 17. f4 Rab8 18. f5 Bd7 19. g4 b4 20. h4 Rc6 21. g5 Rbc8 22.
Qh5 Be8 23. Qg4 Rxc1 24. Rxc1 Rxc1+ 25. Bxc1 Nc8 26. gxf6 Qxf6 27. Bg5 Qf7 28.
f6 Bd7 29. Qg3 Qe6 30. fxg7 a5 31. h5 Kxg7 32. Bf4+ Qg4 33. Qxg4+ Bxg4 34. Bxe5+
Kf7 35. Bxd4 Bxh5 36. Kf2 Bd1 37. Bc5 Bc2 38. d4 Bb1 39. a3 bxa3 40. Bxa3 Bc2
41. b4 a4 42. b5 Ke8 43. d5 Nb6 44. Bc5 Nc4 45. b6 Na5 46. Bf1 Nb7 47. Bb5+ Kd8
48. Ba3 Bxe4 49. Ba6 Bxd5 50. Bd3 h6 51. Kg3 Ke8 52. Kh4 Bf7 53. Be4 Nd8 54. Bc1
Bc4 55. Kh5 Ba6 56. Kxh6 Ne6 57. Bc2 Nc5 58. Ba3 Nb7 59. Bxa4+ Kf7 60. Kg5 Ke6
61. Kf4 Kd5 62. Ke3 Kc4 63. Bc6 Na5 64. Ke4 Nxc6 65. Bd6 1/2-1/2

[Event "Challenge"]
[Site "http://www.queenalice.com/game.php?id=1363836"]
[Date "2015.6.6"]
[Round "-"]
[White "Moloch"]
[Black "Soulpower74"]
[Result "1-0"]
[WhiteElo "2164"]
[BlackElo "2150"]

1. Nf3 Nf6 2. g3 d5 3. Bg2 c5 4. O-O e6 5. d3 Be7 6. b3 O-O 7. Bb2 Nc6 8. Nbd2
Qc7 9. Ne1 Rd8 10. c4 d4 11. e3 dxe3 12. fxe3 1-0

[Event "Challenge"]
[Site "http://www.queenalice.com/game.php?id=1367395"]
[Date "2015.6.24"]
[Round "-"]
[White "rpalmero"]
[Black "Moloch"]
[Result "0-1"]
[WhiteElo "2021"]
[BlackElo "2165"]

1. c4 e6 2. Nc3 d5 3. cxd5 exd5 4. e3 Nf6 5. Qc2 g6 6. a3 Bf5 7. Qa4+ Qd7 8.
Qxd7+ Nbxd7 9. d4 Bg7 10. Nf3 O-O 11. Be2 c6 12. O-O Ne4 13. Nxe4 dxe4 14. Nd2
b5 15. g4 Be6 16. Nxe4 f5 17. gxf5 gxf5 18. Ng5 Bb3 19. Bd2 a5 20. Rac1 Rf6 21.
Rc3 a4 22. f4 Rg6 23. Kf2 h6 24. Nf3 Nf6 25. Bd3 Ne4+ 26. Bxe4 fxe4 27. Ne5 Bxe5
28. dxe5 Rd8 29. Be1 Rd1 30. f5 Rg5 31. Rxc6 Rxf5+ 32. Kg2 Rg5+ 33. Kh3 Bc4 34.
Rh1 Rh5+ 35. Kg4 Rxe5 36. Rxh6 Rdd5 37. Bc3 Rg5+ 38. Kf4 Rdf5+ 39. Kxe4 Bd5+ 40.
Kd4 Bxh1 41. e4 Rf4 42. Re6 Kf7 43. Re5 Rxe5 44. Kxe5 Rxe4+ 0-1

[Event "Challenge"]
[Site "http://www.queenalice.com/game.php?id=1373467"]
[Date "2015.7.26"]
[Round "-"]
[White "Moloch"]
[Black "andrevillares"]
[Result "1-0"]
[WhiteElo "2140"]
[BlackElo "1798"]

1. Nf3 Nf6 2. g3 d5 3. Bg2 c5 4. O-O Nc6 5. e3 Bg4 6. h3 Bh5 7. d3 e5 8. g4 Bg6
9. Nh4 Bd6 10. Nxg6 hxg6 11. Nc3 Bc7 12. g5 d4 13. Ne2 Nd5 14. e4 Nde7 15. f4 f6
16. b3 Qd7 17. a3 O-O-O 18. Bb2 Rh4 19. fxe5 fxe5 20. Rf7 Qe6 21. Rf3 Re8 22.
Qe1 Reh8 23. c3 Nd8 24. c4 Nf7 25. Bc1 Nc6 26. b4 cxb4 27. axb4 Qe7 28. b5 Nxg5
29. Bxg5 Qxg5 30. bxc6 a5 31. Qg3 Qd2 32. Raf1 bxc6 33. Rf8+ Kb7 34. Rb1+ Ka7
35. Rf7 Qxe2 36. Rxc7+ Ka8 37. Rbb7 Rf4 38. Ra7+ Kb8 39. Rxg7 1-0

[Event "Challenge"]
[Site "http://www.queenalice.com/game.php?id=1373468"]
[Date "2015.7.26"]
[Round "-"]
[White "Moloch"]
[Black "rpalmero"]
[Result "0-1"]
[WhiteElo "2172"]
[BlackElo "1982"]

1. Nf3 c5 2. g3 e6 3. Bg2 Nc6 4. O-O a6 5. e4 b5 6. b3 Qc7 7. Bb2 Nf6 8. Bxf6
gxf6 9. c3 Bb7 10. d4 cxd4 11. cxd4 h5 12. Nc3 Bb4 13. Ne2 Ke7 14. a3 Bd6 15. b4
Rag8 16. Rc1 Qb6 17. Nh4 Rg4 18. d5 Ne5 19. h3 Rgg8 20. Qd4 Nc4 21. Qxb6 Nxb6
22. Rfd1 Nc4 23. dxe6 fxe6 24. Rd3 Ne5 25. Rdc3 Nc4 26. e5 Bxe5 27. Bxb7 Bxc3
28. Rxc3 a5 29. bxa5 Nxa5 30. Ba6 Rb8 31. Ng6+ Kf7 32. Nxh8+ Rxh8 33. Bxb5 Rd8
34. Rc7 Ke7 35. Nf4 h4 36. Ng6+ Kd6 37. Rc3 hxg3 38. fxg3 Rg8 39. Nh4 Rg5 40.
Kf2 Rxb5 41. Rd3+ Ke7 42. Kf3 Nc4 43. Rc3 d5 44. Ng6+ Kd6 45. h4 Ne5+ 46. Nxe5
Kxe5 47. Re3+ Kd6 48. g4 d4 49. Rd3 Kd5 50. h5 e5 51. Kg3 e4 52. Rd1 Rb3+ 53.
Kf4 Rf3# 0-1

[Event "Challenge"]
[Site "http://www.queenalice.com/game.php?id=1375073"]
[Date "2015.8.2"]
[Round "-"]
[White "jnable"]
[Black "Moloch"]
[Result "0-1"]
[WhiteElo "2081"]
[BlackElo "2146"]

1. c4 e6 2. d4 g6 3. Nc3 Bg7 4. f3 Ne7 5. e4 O-O 6. Bd3 b6 7. Be3 Bb7 8. Nge2 c5
9. d5 exd5 10. cxd5 d6 11. Qd2 Nd7 12. f4 a6 13. g4 b5 14. a3 Qc7 15. h4 c4 16.
Bc2 f5 17. g5 fxe4 18. Bxe4 Rae8 19. O-O-O Nc5 20. Nd4 Bxd4 21. Bxd4 Nb3+ 0-1

[Event "Challenge"]
[Site "http://www.queenalice.com/game.php?id=1376287"]
[Date "2015.8.8"]
[Round "-"]
[White "Moloch"]
[Black "miltonloviski"]
[Result "0-1"]
[WhiteElo "2097"]
[BlackElo "2125"]

1. Nf3 d5 2. g3 Nc6 3. Bg2 e5 4. O-O h6 5. d3 Bc5 6. c3 a6 7. Nbd2 Nf6 8. b4 Ba7
9. e4 Bg4 10. Bb2 d4 11. h3 Bxf3 12. Qxf3 Qe7 13. a4 dxc3 14. Bxc3 Nxb4 15. Bxb4
Qxb4 16. Nc4 Qe7 17. Rfb1 Bd4 18. Ra3 b6 19. Rab3 O-O 20. Nd2 Nd7 21. Rc1 Nc5
22. Rbb1 Nxa4 23. Rc6 Nc3 24. Rc1 a5 25. Qg4 Kh8 26. R6xc3 Bxc3 27. Rxc3 c5 28.
f4 exf4 29. gxf4 a4 30. e5 Ra7 31. Bd5 b5 32. Ne4 Ra6 33. Qh5 a3 34. Ba2 c4 35.
dxc4 f5 36. Ng5 Qc5+ 37. Kf1 Qd4 38. Qf3 hxg5 39. fxg5 g6 40. cxb5 Ra4 41. e6
Qe4 42. Qxe4 fxe4+ 43. Ke2 Rfa8 44. Ke3 Rb4 45. Rc7 Rxb5 46. e7 Re5 47. Rd7 Re8
48. Ra7 R8xe7 49. Rxa3 Rxg5 0-1

[Event "Challenge"]
[Site "http://www.queenalice.com/game.php?id=1376494"]
[Date "2015.8.9"]
[Round "-"]
[White "ledeon"]
[Black "Moloch"]
[Result "1/2-1/2"]
[WhiteElo "1878"]
[BlackElo "2154"]

1. d4 Nf6 2. c4 g6 3. Nc3 Bg7 4. Nf3 O-O 5. e4 d6 6. Be2 Nbd7 7. O-O h6 8. a3 c6
9. Rb1 b6 10. Qc2 Bb7 11. b4 e5 12. c5 Qc7 13. cxd6 Qxd6 14. Rd1 Qe6 15. dxe5
Nxe5 16. Nd4 Qe7 17. f4 Ned7 18. f5 g5 19. g4 Ne5 20. h3 Rfe8 21. Nf3 Nxf3+ 22.
Bxf3 Qe5 23. Bb2 Qg3+ 24. Qg2 Qxg2+ 25. Kxg2 a5 26. e5 axb4 27. exf6 bxc3 28.
Bxc3 Bf8 29. Rxb6 Rxa3 30. Rxb7 Rxc3 31. Rbd7 Ree3 32. Rf1 Rc2+ 33. Rf2 Rc1 34.
Rc7 Rec3 35. Re7 Rd3 36. Re8 Rcc3 37. Rc8 c5 38. Rb8 Rb3 39. Rc8 Ra3 40. Rc6 Ra4
41. Rc8 c4 42. Be2 Rc3 43. Rf3 Rxf3 44. Kxf3 Ra6 45. Bxc4 Rxf6 46. Rc7 Kg7 47.
Rxf7+ Rxf7 48. Bxf7 Kxf7 49. Ke4 Kf6 50. Kd5 Be7 51. Ke4 Bb4 52. Kd4 Ba3 53. Ke4
Bb2 54. Kd5 Kg7 55. Ke6 h5 56. Kd5 Kh6 57. Ke6 Kg7 58. Ke7 Bf6+ 59. Ke6 Bb2
1/2-1/2

[Event "Challenge"]
[Site "http://www.queenalice.com/game.php?id=1376742"]
[Date "2015.8.10"]
[Round "-"]
[White "Moloch"]
[Black "Delbo"]
[Result "0-1"]
[WhiteElo "2148"]
[BlackElo "2162"]

1. Nf3 Nf6 2. g3 g6 3. Bg2 Bg7 4. O-O O-O 5. d3 d5 6. Nbd2 c5 7. c3 Nc6 8. Qc2
e5 9. e4 d4 10. Nc4 Re8 11. Bd2 b5 12. Na3 a6 13. cxd4 Nxd4 14. Nxd4 cxd4 15.
Rac1 Bb7 16. Qc7 Qxc7 17. Rxc7 Rab8 18. Rfc1 Rec8 19. Rxc8+ Rxc8 20. Rxc8+ Bxc8
21. f3 Nd7 22. Bh3 Nb6 23. Bxc8 Nxc8 24. Nc2 Bf8 25. Bb4 Nb6 26. b3 f6 27. Bd2
Kf7 28. Kf2 Ke6 29. Ne1 Nd7 30. Ng2 Nb8 31. f4 Nc6 32. a4 b4 33. Ne1 Na5 34. Nc2
Nxb3 35. Bxb4 Bxb4 36. Nxb4 a5 37. Nc6 Kd6 38. Nd8 Nc5 39. fxe5+ fxe5 40. Ke2
Kd7 41. Nf7 Ke6 42. Ng5+ Ke7 43. Nxh7 Nxa4 44. Ng5 Nc3+ 45. Kd2 a4 46. Nf3 Kd6
47. Ne1 a3 48. Nc2 a2 49. h4 Na4 50. Na1 Nc5 51. g4 g5 52. h5 Ke6 53. Kc2 Kf7
54. Kd2 Nd7 55. Ke2 Nf6 56. Kf3 Ke7 57. Nb3 Kd6 0-1

[Event "Challenge"]
[Site "http://www.queenalice.com/game.php?id=1378600"]
[Date "2015.8.19"]
[Round "-"]
[White "Moloch"]
[Black "ledeon"]
[Result "0-1"]
[WhiteElo "2136"]
[BlackElo "2050"]

1. Nf3 d5 2. g3 Nf6 3. Bg2 Bf5 4. d3 e6 5. O-O Bd6 6. c3 Nbd7 7. Nbd2 Qe7 8. b3
e5 9. Bb2 h6 10. b4 g5 11. Ne1 h5 12. e4 dxe4 13. dxe4 Be6 14. Nef3 Nh7 15. Qa4
O-O 16. Nb3 f5 17. Na5 fxe4 18. Ne1 e3 19. fxe3 Rxf1+ 20. Kxf1 Rf8+ 21. Kg1 Qf7
22. Qc2 b6 23. Nb7 Be7 24. Nd3 Bxa2 25. Rf1 Bf6 26. Rd1 Bb3 27. Qe2 Bxd1 28.
Qxd1 Qc4 29. Nf2 Qb5 30. c4 Qxb4 31. Qxd7 Qxb2 32. Bd5+ Kh8 33. Be4 Bg7 34. Bf5
Qc1+ 35. Kg2 Qxc4 36. Nd8 Nf6 37. Qd1 g4 38. Ne6 Nd5 39. Nxf8 Nxe3+ 40. Kg1 Nxd1
41. Ng6+ Kg8 0-1

[Event "Challenge"]
[Site "http://www.queenalice.com/game.php?id=1380104"]
[Date "2015.8.28"]
[Round "-"]
[White "tariann"]
[Black "Moloch"]
[Result "1-0"]
[WhiteElo "2158"]
[BlackElo "2121"]

1. e4 e6 2. d4 d5 3. Nc3 dxe4 4. Nxe4 Bd7 5. Nf3 Bc6 6. Bd3 Be7 7. O-O Nf6 8.
Re1 O-O 9. Bg5 Nxe4 10. Bxe7 Qxe7 11. Bxe4 Bxe4 12. Rxe4 Nd7 13. Qe2 Nf6 14. Re5
Nd7 15. Re3 c6 16. c4 Nb6 17. a4 a5 18. Qc2 Qc7 19. Ng5 g6 20. Rh3 Qf4 21. Nxh7
Rfd8 22. Rf3 Qxd4 23. Nf6+ Kg7 24. h3 Nxc4 25. Ne4 Qxb2 26. Qxb2+ Nxb2 27. Rb1
Nxa4 28. Rxb7 Rf8 29. Ra3 1-0